00912 a2200157 45000010006000000050017000060080041000230030015000640400040000790800038001192450069001572640035002263000019002615050453002801000021007333971820260407155654.0260407a1965 arg spa dAR-UNSa-BCEJYS aAR-UNSa-BCEJYSbspacAR-UNSa-BCEJYS a913(82)xGeografía de Argentina10aGeografía política y económica de la República Argentina 1aBuenos Aires :bKapeluszc1965 a317 p.c22 cm. a1. Poblamiento del territorio argentino - 2. Etapas en el dominnio del territorio - 3. Población - 4. Urbanismo - 5. Los factores naturales en la economía argentina - 6. Hdrología económica - 7. Agricultura - 8. Explotación forestal - 9. Ganadería - 10. Pesca comercial, animales pilíferos y productos de granja - 11. Minería - 12. Energía eléctrica - 13. Comunicaciones y transportes - 14. Industria - 15. El comercio exterior.1 aArnolds, Alfonso